000 01544nam0a22003131 4500
001 rc\3016945
005 20250806201207.0
035 _a(NLR Aleph) 007159192
090 _a15092
_c15092
100 _a20110926d1945 u y0rusy50 ca
101 0 _arus
102 _aRU
105 _ay z |||||
200 1 _aТаблицы для расчета гидравлических элементов при движении нефтепродуктов по напорным трубопроводам
_f[Сост. Техн. отд. Центрспецстройпроекта]
_gНаркомнефть СССР. Отд. капитального стр-ва
210 _aМосква
_aЛенинград
_cГостоптехиздат
_d1945
_eМосква
_gтип. Профиздата
215 _a16 с.
_d22 см
300 _aБез тит. л.
300 _aАвтор указан на 1-й с.: инж. И.З. Ильяшева. При участии инж. Н.В. Соловьева
700 1 _aИльяшева
_bЗ.И.
701 1 _aСоловьев
_bН.В.
712 0 2 _aЦентроспецстройпроект
_4570
712 0 1 _aСССР
_bНародный комиссариат нефтяной промышленности
_bУправление капитального строительства
_4570
801 0 _aRU
_bNLR
_gpsbo
801 1 _aRU
_bELAR
_2rusmarc
852 _aNLR
_jТ14 Г-6/112
942 _cBOOK
945 _aРоссийская национальная библиотека
980 _aNB
980 _aBV